00636nam a2200169Ia 4500100001500000942000700015654001300022245004100035260003900076082002000115300000800135546001200143999001700155952009800172952009800270952009800368 aRoach/Roy  cBK aComputer aExcel 5 for Windows in easy steps bEast West PressaNew Delhic1994 a005.133'E'bROA a336 aENGLISH c24704d24704 001040708CRCaCRCEbCRCEd2023-03-17l0o005.133'E' ROAp10154r2023-03-17w2023-03-17yBK 001040708CRCaCRCEbCRCEd2023-03-17l0o005.133'E' ROAp10155r2023-03-17w2023-03-17yBK 001040708CRCaCRCEbCRCEd2023-03-17l0o005.133'E' ROAp10156r2024-07-22w2023-03-17yBK